000 00376nam a2200145Ia 4500
008 230917s9999||||xx |||||||||||||| ||und||
040 _e36559
_aMAIN
041 _aEnglish
082 _a658.4 G791O
100 _aGray, Jerry
245 0 _aOrganizational behaviour: concepts and applications
260 _aOhio
_bCharles E Merrill
_c1977
300 _aix, 302 p.
942 _cBK
999 _c81578
_d81578